<?xml version="1.0" encoding="UTF-8"?>
<record
    xmlns:xsi="http://www.w3.org/2001/XMLSchema-instance"
    xsi:schemaLocation="http://www.loc.gov/MARC21/slim http://www.loc.gov/standards/marcxml/schema/MARC21slim.xsd"
    xmlns="http://www.loc.gov/MARC21/slim">

  <leader>00989nam a22001937a 4500</leader>
  <controlfield tag="001">9442</controlfield>
  <controlfield tag="003">FISKH</controlfield>
  <controlfield tag="005">20260108114358.0</controlfield>
  <controlfield tag="008">260108b        cb ||||| |||| 00| 0 eng d</controlfield>
  <datafield tag="040" ind1=" " ind2=" ">
    <subfield code="a">FISKH</subfield>
    <subfield code="b">eng</subfield>
    <subfield code="c">FISKH</subfield>
    <subfield code="d">FISKH</subfield>
  </datafield>
  <datafield tag="082" ind1=" " ind2=" ">
    <subfield code="a">338.4796</subfield>
  </datafield>
  <datafield tag="100" ind1=" " ind2=" ">
    <subfield code="a">Anonymous</subfield>
  </datafield>
  <datafield tag="245" ind1=" " ind2=" ">
    <subfield code="a">Annual tourism statistics report / </subfield>
    <subfield code="c">By Anonymous</subfield>
  </datafield>
  <datafield tag="260" ind1=" " ind2=" ">
    <subfield code="a">Phnom Penh : </subfield>
    <subfield code="c">2024 . </subfield>
  </datafield>
  <datafield tag="300" ind1=" " ind2=" ">
    <subfield code="a">59 pages : </subfield>
    <subfield code="b">color illustrations ;</subfield>
    <subfield code="c">30 cm . </subfield>
  </datafield>
  <datafield tag="520" ind1=" " ind2=" ">
    <subfield code="a">This book provides a comprehensive annual report on tourism statistics, including data on visitor arrivals, expenditures, hotel occupancy, popular destinations, and tourism trends. It is a key resource for government agencies, tourism planners, researchers, and investors, offering insights into the economic impact of tourism and patterns of travel over the year. By analyzing statistics and trends, the report helps in policy-making, marketing strategies, and sustainable tourism development.</subfield>
  </datafield>
  <datafield tag="942" ind1=" " ind2=" ">
    <subfield code="2">ddc</subfield>
    <subfield code="c">BK</subfield>
    <subfield code="n">0</subfield>
  </datafield>
  <datafield tag="999" ind1=" " ind2=" ">
    <subfield code="c">9442</subfield>
    <subfield code="d">9442</subfield>
  </datafield>
  <datafield tag="952" ind1=" " ind2=" ">
    <subfield code="0">0</subfield>
    <subfield code="1">0</subfield>
    <subfield code="2">ddc</subfield>
    <subfield code="4">0</subfield>
    <subfield code="7">0</subfield>
    <subfield code="8">REF</subfield>
    <subfield code="a">002</subfield>
    <subfield code="b">002</subfield>
    <subfield code="c">LSHTTP</subfield>
    <subfield code="d">2026-01-08</subfield>
    <subfield code="l">0</subfield>
    <subfield code="o">ANO 338.4796</subfield>
    <subfield code="p">2026-0016</subfield>
    <subfield code="r">2026-01-08 11:43:54</subfield>
    <subfield code="w">2026-01-08</subfield>
    <subfield code="y">BK</subfield>
  </datafield>
</record>
